[Event "Eq:La Taverne-Equipo Juan Diaz : "]
[Site "www.chess-mail.com"]
[Date "2015.03.20"]
[Round "1"]
[White "Oxycontin"]
[Black "Hijodeputa"]
[WhiteElo "2030"]
[BlackElo "1890"]
[Result "1-0"]
[Round "1"]
1.Ng1f3 d5
2.d4 Ng8f6
3.e3 e6
4.c4 Bf8e7
5.Nb1c3 O-O
6.cxd5 exd5
7.Bf1d3 c6
8.O-O h6
9.Rf1e1 Bc8g4
10.Bd3e2 Nb8d7
11.Qd1c2 Rf8e8
12.e4 Nf6xe4
13.Nc3xe4 dxe4
14.Qc2xe4 Nd7f6
15.Qe4d3 Nf6d5
16.Nf3e5 Bg4xe2
17.Re1xe2  { time }
1-0

[Event "Tourn. n7947"]
[Site "www.chess-mail.com"]
[Date "2015.03.21"]
[Round "1"]
[White "Kozakliuty"]
[Black "Dspillman"]
[WhiteElo "1480"]
[BlackElo "1650"]
[Result "1-0"]
[Round "1"]
1.d3 e5
2.g3 b6
3.Bf1g2 Nb8c6
4.Nb1c3 a6
5.e3 Ng8f6
6.Ng1e2 Bc8b7
7.O-O g6
8.e4 Bf8c5
9.Bc1e3 Bc5xe3
10.fxe3 O-O
11.Qd1e1 Nc6b4
12.Qe1d2 Qd8e7
13.a3 Nb4c6
14.h3 d6
15.Nc3d5 Nf6xd5
16.exd5 Nc6a5
17.e4 g5
18.b4 Na5c6
19.dxc6 Bb7xc6
20.c4 Bc6d7
21.Kh2 c5
22.bxc5 bxc5
23.Ra1b1 h5
24.Ne2c3 h4
25.g4 f6
26.Nc3d5 Qe7d8
27.Nd5xf6 Rf8xf6
28.Qd2xg5 Kf7
29.Rf1xf6 Qd8xf6
30.Rb1f1 Qf6f4
31.Rf1xf4 exf4
32.Qg5xf4 Ke8
33.Qf4xd6 Ra8d8
34.Qd6g6 Ke7
35.e5 Bd7e6
36.Qg6f6 { resign }
1-0

[Event "Tourn. n8073"]
[Site "www.chess-mail.com"]
[Date "2015.03.21"]
[Round "1"]
[White "Sunderland"]
[Black "Bbking"]
[WhiteElo "1540"]
[BlackElo "1540"]
[Result "1-0"]
[Round "1"]
1.d4 d5
2.c4 e6
3.Nb1c3 Ng8f6
4.cxd5 exd5
5.Bc1g5 h6
6.Bg5xf6 gxf6
7.g3 Bf8b4
8.Bf1g2 Bb4xc3
9.bxc3 Nb8c6
10.Ng1f3 Bc8g4
11.O-O Bg4xf3
12.Bg2xf3 Qd8d7
13.Qd1b3 b6
14.Bf3xd5 h5
15.Qb3b5 Nc6e7
16.Qb5xd7 Kxd7
17.Bd5f3 h4
18.e4 f5
19.exf5 Ne7xf5
20.Bf3g4 Ke6
21.Rf1e1 Kf6
22.Bg4xf5 Kxf5
23.Kg2 Kg4
24.f3 Kh5
25.Re1e5 { resign }
1-0

[Event "Tourn. n8085"]
[Site "www.chess-mail.com"]
[Date "2015.03.21"]
[Round "1"]
[White "Groz"]
[Black "Terrible"]
[WhiteElo "2119"]
[BlackElo "2300"]
[Result "1-0"]
[Round "1"]
1.d4 d5
2.Ng1f3 Ng8f6
3.Bc1g5 Nb8d7
4.e3 g6
5.Bf1d3 Bf8g7
6.O-O O-O
7.c4 c5
8.cxd5 Nf6xd5
9.Nb1c3 Nd5b4
10.a3 Nb4xd3
11.Qd1xd3 cxd4
12.exd4 Nd7c5
13.Qd3e3 Nc5e6
14.Ra1c1 Ne6xg5
15.Qe3xg5 h6
16.Qg5e3 a6
17.Rf1d1 Qd8d6
18.h3 b5
19.Nc3e4 Qd6b6
20.Rc1c5 Bc8b7
21.Rd1c1 Ra8c8
22.Rc5xc8 Rf8xc8
23.Rc1xc8 Bb7xc8
24.Ne4c5 e6
25.Nf3e5 Bc8b7
26.Qe3f4 Bg7xe5
27.Qf4xe5 Bb7c6
28.Qe5d6 Kh7
29.Qd6e7 Kg7
30.Nc5xe6 { resign }
1-0

[Event "Tourn. n8092"]
[Site "www.chess-mail.com"]
[Date "2015.03.21"]
[Round "1"]
[White "Udo40"]
[Black "Tomcapp"]
[WhiteElo "1700"]
[BlackElo "1530"]
[Result "1-0"]
[Round "1"]
1.d4 d5
2.c4 dxc4
3.e3 Bc8e6
4.a4 b6
5.e4 Nb8c6
6.d5 c3
7.Nb1xc3 Nc6b4
8.dxe6 Qd8xd1
9.Nc3xd1 f6
10.Bf1b5 c6
11.Bb5c4 Nb4c2
12.Kd2 Nc2xa1
13.Kc3 Ng8h6
14.b4 a5
15.Bc4d3 axb4
16.Kxb4 c5
17.Ka3 g6
18.Bc1b2 b5
19.Bd3xb5 Kd8
20.Bb2xa1 g5
21.Nd1e3 c4
22.Ng1e2 c3
23.Rh1d1 Kc7
24.Ba1xc3 Kb6
25.Ne3c4 Kc5
26.Rd1c1 g4
27.Nc4e3 Bf8g7
28.Bc3xf6 Kd6
29.Bf6xg7 Rh8b8
30.Bg7xh6 Rb8xb5
31.Ne3xg4 Rb5a5
32.Rc1c4 Ra5xa4
33.Rc4xa4 Ra8xa4
34.Kxa4 Kxe6
35.Bh6g7 { resign }
1-0

[Event "Tourn. n8097"]
[Site "www.chess-mail.com"]
[Date "2015.03.21"]
[Round "1"]
[White "Tomcapp"]
[Black "Kesalon"]
[WhiteElo "1510"]
[BlackElo "1459"]
[Result "0-1"]
[Round "1"]
1.e4 e5
2.Ng1f3 Nb8c6
3.Bf1b5 a6
4.Bb5xc6 dxc6
5.d4 exd4
6.Nf3xd4 Bf8c5
7.Bc1e3 Bc5b6
8.Nb1c3 Ng8f6
9.a4 O-O
10.Qd1f3 Bb6xd4
11.Be3xd4 Qd8xd4
12.O-O Rf8e8
13.Ra1d1 Qd4b4
14.b3 Bc8g4
15.Qf3d3 Bg4xd1
16.Rf1xd1 h6
17.h3 Ra8d8
18.Qd3f3 Rd8xd1
19.Qf3xd1 Qb4xc3
20.e5 Qc3xe5
21.c4 Qe5e1
22.Qd1xe1 Re8xe1
23.Kh2 Re1b1
24.g4 Rb1xb3
25.c5 Rb3b4
26.f3 Rb4xa4
27.h4 Ra4c4
28.h5 a5
29.g5 hxg5
30.h6 a4
31.h7 Kxh7
32.Kg3 a3
33.f4 gxf4
34.Kf3 a2
35.Ke2 a1Q
36.Kf3 Qa1a3
37.Ke2 Rc4c2
38.Kd1 Qa3b3
39.Ke1 Qb3b1

0-1

[Event "Tourn. n8052"]
[Site "www.chess-mail.com"]
[Date "2015.03.21"]
[Round "1"]
[White "Passaroa25"]
[Black "A27l"]
[WhiteElo "1480"]
[BlackElo "1130"]
[Result "1-0"]
[Round "1"]
1.e4 e5
2.Ng1e2 d6
3.Ne2g3 Ng8f6
4.f3 Bf8e7
5.d3 h6
6.Nb1d2 O-O
7.Nd2b3 c6
8.Bc1e3 Nf6h7
9.Be3f2 Bc8e6
10.Bf1e2 Nb8d7
11.Nb3d2 Be7g5
12.Nd2b3 Be6xb3
13.cxb3 Bg5f4
14.Ng3h5 Bf4g5
15.O-O Nd7f6
16.Nh5g3 Bg5h4
17.Ng3h1 Bh4xf2
18.Nh1xf2 Ra8b8
19.Ra1c1 c5
20.a4 a5
21.h3 Nh7g5
22.Rc1b1 Ng5e6
{ time. }
1-0

[Event "Tourn. n8001"]
[Site "www.chess-mail.com"]
[Date "2015.03.21"]
[Round "1"]
[White "Korto"]
[Black "Tartan"]
[WhiteElo "2380"]
[BlackElo "2360"]
[Result "1-0"]
[Round "1"]
1.Ng1f3 Ng8f6
2.d4 d5
3.e3 e6
4.c4 c6
5.Nb1c3 Nb8d7
6.Bf1d3 dxc4
7.Bd3xc4 b5
8.Bc4b3 a6
9.O-O Bc8b7
10.e4 b4
11.e5 bxc3
12.exf6 Nd7xf6
13.bxc3 Bf8e7
14.Ra1b1 Qd8c7
15.Bb3c2 Ra8b8
16.Qd1d3 O-O
17.Bc1g5 g6
18.Qd3d2 Rf8c8
19.Nf3e5 c5
20.Qd2f4 Kg7
21.dxc5 Qc7xc5
22.c4 Rc8c7
23.Rf1d1 Rb8d8
24.Rd1xd8 Be7xd8
25.Bg5h6 Kg8
26.Rb1d1 Bd8e7
27.Bh6g5 { resign }
1-0

[Event "Tourn. n8038"]
[Site "www.chess-mail.com"]
[Date "2015.03.21"]
[Round "1"]
[White "Averoes"]
[Black "Difficult"]
[WhiteElo "2120"]
[BlackElo "1990"]
[Result "1/2-1/2"]
[Round "1"]
1.d4 Ng8f6
2.c4 g6
3.Nb1c3 d5
4.Ng1f3 Bf8g7
5.cxd5 Nf6xd5
6.e4 Nd5xc3
7.bxc3 O-O
8.Bc1e3 c5
9.Qd1d2 cxd4
10.cxd4 Nb8c6
11.Ra1c1 Bc8g4
12.d5 Bg4xf3
13.gxf3 Nc6e5
14.Bf1e2 a6
15.f4 Ne5d7
16.h4 Ra8c8
17.h5 Rc8xc1
18.Qd2xc1 Qd8a5
19.Kf1 Nd7f6
20.hxg6 hxg6
21.Be2f3 Qa5xa2
22.e5 Nf6xd5
23.Bf3xd5 Qa2xd5
24.Rh1h3 Qd5e6
25.Rh3g3 Rf8c8
26.Qc1b1 b5
27.f5 Qe6xe5
28.fxg6 f5
29.Qb1a2 e6
30.Qa2xa6 Rc8d8
31.Qa6b7 Qe5f6
32.Be3g5 Qf6a1
33.Kg2 Rd8f8
34.Qb7xb5 Qa1e5
35.Qb5xe5 Bg7xe5
{ draw }
1/2-1/2

[Event "Tourn. n8052"]
[Site "www.chess-mail.com"]
[Date "2015.03.21"]
[Round "1"]
[White "A27l"]
[Black "Gene4267"]
[WhiteElo "1130"]
[BlackElo "1499"]
[Result "0-1"]
[Round "1"]
1.e4 e5
2.d3 Ng8f6
3.Ng1f3 d6
4.h3 h6
5.Bf1e2 Nb8c6
6.O-O Bf8e7
7.c3 Bc8e6
8.Nf3h2 Qd8d7
9.Be2g4 Nf6xg4
10.Nh2xg4 d5
11.exd5 Be6xd5
12.c4 Bd5e6
13.Ng4h2 O-O
14.Bc1e3 Rf8d8
15.Nb1c3 Qd7xd3
16.Qd1xd3 Rd8xd3
17.Ra1d1 Ra8d8
18.Rd1xd3 Rd8xd3
19.Rf1d1 Rd3xd1
20.Nc3xd1 Be6xc4
21.b3 Bc4e6
22.Nd1b2 a6
23.g4 Nc6b4
24.a4 { time. }
0-1

[Event "Tourn. n8134"]
[Site "www.chess-mail.com"]
[Date "2015.03.21"]
[Round "1"]
[White "Oliverio"]
[Black "Iko"]
[WhiteElo "1520"]
[BlackElo "1510"]
[Result "1-0"]
[Round "1"]
1.e4 e5
2.f4 exf4
3.Ng1f3 g5
4.Bf1c4 g4
5.O-O gxf3
6.Qd1xf3 Qd8h4
7.d4 Bf8h6
8.Nb1c3 Ng8f6
9.g3 Qh4h3
10.Bc1xf4 Bh6xf4
11.Qf3xf4 Nf6g4
12.Bc4xf7 Ke7
13.Qf4g5 Kf8
14.Bf7h5 Ng4f6
15.Qg5xf6 Kg8
16.Qf6f7 
1-0

[Event "Tourn. n8111"]
[Site "www.chess-mail.com"]
[Date "2015.03.21"]
[Round "1"]
[White "Dany2005"]
[Black "Hali"]
[WhiteElo "2130"]
[BlackElo "2200"]
[Result "0-1"]
[Round "1"]
1.b3 e5
2.Bc1b2 Nb8c6
3.e3 d5
4.Bf1b5 Bf8d6
5.f4 exf4
6.Bb2xg7 Qd8h4
7.Kf1 fxe3
8.dxe3 Qh4g5
9.Bg7xh8 Ng8f6
10.Ng1f3 Qg5f5
11.Bb5xc6 bxc6
12.Qd1d3 Nf6e4
13.Nb1d2 a5
14.Kg1 Bc8a6
15.c4 O-O-O
16.Bh8b2 Rd8g8
17.Ra1f1 Rg8xg2
18.Kxg2 Qf5g4

0-1

[Event "Tourn. n7976"]
[Site "www.chess-mail.com"]
[Date "2015.03.21"]
[Round "1"]
[White "Paco6"]
[Black "Kozakliuty"]
[WhiteElo "1540"]
[BlackElo "1500"]
[Result "0-1"]
[Round "1"]
1.d4 b5
2.e3 a6
3.Ng1f3 Bc8b7
4.Bf1d3 d5
5.O-O Ng8f6
6.Nb1c3 e6
7.Nf3e5 Nb8d7
8.Ne5f3 Bf8d6
9.Nf3g5 h6
10.Ng5f3 O-O
11.Nc3e2 c5
12.e4 dxe4
13.Nf3h4 exd3
14.Qd1xd3 Bb7e4
15.Qd3h3 Be4xc2
16.Qh3e3 cxd4
17.Ne2xd4 Nf6g4
18.Qe3f3 Bd6xh2
19.Kh1 Qd8xh4
20.Qf3h3 Ng4xf2
21.Rf1xf2 Qh4xf2
22.Kxh2 Qf2xd4
23.Bc1e3 Qd4xb2
24.Ra1f1 Qb2xa2
25.Rf1f2 Qa2c4
26.Qh3g3 Nd7c5
27.Rf2f4 Nc5e4
28.Qg3g4 e5
29.Rf4f2 Ne4xf2
30.Qg4f3 Qc4h4
31.Kg1 Nf2g4
32.Kf1 Ng4h2
{ resign }
0-1

[Event "Match"]
[Site "www.echecsemail.com"]
[Date "2015.03.21"]
[Round "1"]
[White "Supernovae"]
[Black "E4player"]
[WhiteElo "1820"]
[BlackElo "1809"]
[Result "0-1"]
[Round "1"]
1.e4 d5
2.exd5 Ng8f6
3.d4 Bc8g4
4.Ng1f3 Qd8xd5
5.Nb1c3 Qd5f5
6.Bf1d3 Bg4xf3
7.Qd1xf3 Qf5xf3
8.gxf3 e6
9.Bc1f4 Bf8d6
10.Bf4xd6 cxd6
11.Rh1g1 g6
12.Nc3b5 Kd7
13.O-O-O Nb8c6
14.Rd1e1 a6
15.Nb5c3 Nc6xd4
16.Nc3e4 Nf6d5
17.Rg1g3 Nd5f4
18.Bd3f1 Ra8c8
19.c3 e5
20.Kb1 Nd4e6
21.Re1d1 Rc8c6
22.Ne4f6 Ke7
23.Nf6d5 Nf4xd5
24.Rd1xd5 Ne6f4
25.Rd5d1 f5
26.h4 d5
27.Rd1e1 Kf6
28.Kc2 d4
29.Bf1d3 dxc3
30.bxc3 Rh8c8
31.c4 Nf4xd3
32.Kxd3 Rc6xc4
33.Ke2 Rc4c2
34.Kf1 Rc2xa2
 { time }
0-1

[Event "Match"]
[Site "www.echecsemail.com"]
[Date "2015.03.21"]
[Round "1"]
[White "Nugun"]
[Black "F14"]
[WhiteElo "1600"]
[BlackElo "1890"]
[Result "0-1"]
[Round "1"]
1.c4 c5
2.g3 Nb8c6
3.e3 e6
4.Ng1e2 d5
5.Bf1g2 Ng8f6
6.O-O dxc4
7.Nb1c3 Bf8e7
8.Qd1a4 Bc8d7
9.Qa4xc4 O-O
10.b3 Nc6e5
11.Qc4f4 Ne5g6
12.Qf4f3 Bd7c6
13.e4 Ng6e5
14.Qf3f4 Be7d6
15.d4 cxd4
16.Qf4d2 dxc3
17.Ne2xc3 Qd8c7
18.a4 Ra8d8
19.f4 Bd6c5
20.Kh1 Rd8xd2
21.Bc1xd2 Ne5d3
22.h3 Rf8d8
23.Ra1b1 Nd3f2
24.Kh2 Nf2xe4
25.Nc3xe4 Bc6xe4
26.Bg2xe4 Rd8xd2
27.Kh1 Nf6xe4
28.Rf1f3 Qc7c6
29.Rb1g1 Bc5xg1
30.Kxg1 Qc6c1
31.Rf3f1 Qc1c2
32.Rf1f3 Rd2d1
33.Rf3f1 Rd1xf1
34.Kxf1 Qc2f2

0-1

[Event "Match"]
[Site "www.echecsemail.com"]
[Date "2015.03.21"]
[Round "1"]
[White "Caspito"]
[Black "Generalfree"]
[WhiteElo "1800"]
[BlackElo "1790"]
[Result "1/2-1/2"]
[Round "1"]
1.e4 e5
2.Ng1f3 Nb8c6
3.Bf1b5 Ng8e7
4.O-O a6
5.Bb5a4 d6
6.d4 exd4
7.Nf3xd4 Bc8d7
8.Ba4b3 Nc6xd4
9.Qd1xd4 Bd7b5
10.Rf1e1 c5
11.Qd4c3 Qd8c7
12.Bb3xf7 Kxf7
13.e5 Ne7f5
14.e6 Kg8
15.Qc3f3 Nf5d4
16.Qf3h5 Bb5c6
17.Nb1a3 g6
18.Qh5g4 Qc7a5
19.Bc1g5 Bf8g7
20.c3 Nd4f5
21.Na3c4 Qa5c7
22.Ra1d1 h5
23.Qg4f4 Ra8f8
24.Nc4xd6 Bg7h6
25.Bg5xh6 Nf5xh6
26.Qf4g5 Qc7g7
27.e7 Rf8b8
28.Re1e6 Nh6f7
29.Qg5xg6 Nf7xd6
30.Rd1xd6 Qg7xg6
31.Re6xg6 Kf7
32.Rg6e6 Rb8e8
33.f4 Re8xe7
34.Re6f6 Ke8
35.g3 Bc6d7
36.Kf2 Rh8f8
37.Rf6h6 Bd7g4
38.Kf1 { draw }
1/2-1/2

[Event "Match"]
[Site "www.echecsemail.com"]
[Date "2015.03.21"]
[Round "1"]
[White "Pollemand52"]
[Black "Carloswhizz"]
[WhiteElo "1809"]
[BlackElo "1750"]
[Result "0-1"]
[Round "1"]
1.e4 d5
2.exd5 c6
3.dxc6 Nb8xc6
4.Ng1f3 Ng8f6
5.c3 e6
6.d4 Bf8e7
7.Bf1d3 Bc8d7
8.O-O O-O
9.Bc1f4 Ra8c8
10.Nb1d2 a6
11.Rf1e1 Rf8e8
12.Nf3e5 Nc6xe5
13.Bf4xe5 b5
14.a3 Nf6d5
15.Qd1h5 g6
16.Qh5h6 Be7f8
17.Qh6h3 Bf8e7
 { time }
0-1

[Event "Match"]
[Site "www.echecsemail.com"]
[Date "2015.03.21"]
[Round "1"]
[White "Carloswhizz"]
[Black "Generalfree"]
[WhiteElo "1780"]
[BlackElo "1830"]
[Result "1-0"]
[Round "1"]
1.e4 c6
2.d4 d5
3.Nb1c3 e6
4.Bf1e2 Bf8b4
5.Bc1d2 Bb4xc3
6.Bd2xc3 dxe4
7.Qd1d2 b6
8.f3 exf3
9.Ng1xf3 Ng8f6
10.O-O Nf6e4
11.Qd2d3 Ne4xc3
12.bxc3 a6
13.Nf3e5 f6
14.Be2h5 g6
15.Ne5xg6 hxg6
16.Qd3xg6 Kd7
17.Rf1xf6 Rh8g8
18.Rf6f7 Kd6
19.Qg6e4 Qd8g5
20.Bh5f3 Bc8d7
21.Ra1e1 Qg5a5
22.Qe4f4 e5
23.Re1xe5 { resign }
1-0

[Event "Match"]
[Site "www.echecsemail.com"]
[Date "2015.03.21"]
[Round "1"]
[White "Generalfree"]
[Black "Udo40"]
[WhiteElo "1790"]
[BlackElo "1650"]
[Result "0-1"]
[Round "1"]
1.e4 e5
2.Ng1f3 Nb8c6
3.Bf1c4 Ng8f6
4.Nf3g5 d5
5.exd5 Nf6xd5
6.d3 f6
7.Bc4xd5 Qd8xd5
8.O-O fxg5
9.Qd1h5 g6
10.Qh5xg5 b6
11.Nb1c3 Qd5c5
12.Bc1e3 Bf8e7
13.Be3xc5 Be7xg5
14.Bc5a3 Bc8b7
15.Nc3d5 O-O-O
16.Nd5e3 Nc6d4
17.Ra1e1 Bg5xe3
18.Re1xe3 Nd4xc2
19.Re3xe5 Nc2xa3
20.bxa3 Rd8xd3
21.a4 Rd3a3
22.Rf1e1 Bb7c6
23.Re1e2 Bc6xa4
{ resign }
0-1

[Event "Match"]
[Site "www.echecsemail.com"]
[Date "2015.03.21"]
[Round "1"]
[White "Generalfree"]
[Black "Attatroll"]
[WhiteElo "1770"]
[BlackElo "1900"]
[Result "1/2-1/2"]
[Round "1"]
1.e4 e5
2.Ng1f3 Nb8c6
3.Bf1c4 Ng8f6
4.Nf3g5 d5
5.exd5 Nf6xd5
6.Ng5xf7 Kxf7
7.Qd1f3 Qd8f6
8.Bc4xd5 Ke8
9.Bd5xc6 bxc6
10.Qf3xf6 gxf6
11.a3 Bf8h6
12.Nb1c3 Bc8e6
13.O-O Rh8g8
14.g3 Ra8b8
15.Nc3e4 Kf7
16.d3 Bh6xc1
17.Rf1xc1 Rb8xb2
18.Ra1b1 Rg8b8
19.Rb1xb2 Rb8xb2
20.Ne4c5 { draw }
1/2-1/2

[Event "1/32 Finale"]
[Site "www.chess-mail.com"]
[Date "2015.03.21"]
[Round "1"]
[White "Badplayer"]
[Black "Ingauno64"]
[WhiteElo "2190"]
[BlackElo "2630"]
[Result "0-1"]
[Round "1"]
1.e4 e6
2.d4 d5
3.exd5 exd5
4.Ng1f3 Bf8d6
5.Bf1e2 Ng8f6
6.O-O O-O
7.c4 c6
8.Nb1c3 dxc4
9.Be2xc4 Bc8f5
10.Bc1g5 h6
11.Bg5h4 Nb8d7
12.Rf1e1 Qd8c7
13.Bh4xf6 Nd7xf6
14.h3 Rf8e8
15.Qd1b3 b5
16.Bc4f1 a5
17.Re1xe8 { time. }
0-1

[Event "1/64 Finale"]
[Site "www.chess-mail.com"]
[Date "2015.03.21"]
[Round "1"]
[White "Llord"]
[Black "Derfel83"]
[WhiteElo "1780"]
[BlackElo "1840"]
[Result "0-1"]
[Round "1"]
1.e4 c5
2.Bf1c4 e6
3.Ng1f3 a6
4.a4 Nb8c6
5.O-O Qd8c7
6.d3 g6
7.g3 Bf8g7
8.c3 Ng8f6
9.Bc1f4 Qc7b6
10.Qd1b3 Qb6xb3
11.Bc4xb3 Nf6h5
12.Bf4e3 Nc6a5
13.Bb3a2 b5
14.axb5 axb5
15.Be3xc5 Na5b3
16.Bc5b4 Nb3xa1
{ resign }
0-1

[Event "Eq:Angels of Checkmate-La Taverne : "]
[Site "www.chess-mail.com"]
[Date "2015.03.21"]
[Round "1"]
[White "Nestor"]
[Black "Neverless"]
[WhiteElo "2070"]
[BlackElo "2680"]
[Result "0-1"]
[Round "1"]
1.e4 c5
2.Ng1f3 d6
3.d4 cxd4
4.Nf3xd4 Ng8f6
5.Nb1c3 a6
6.Bf1e2 e5
7.Nd4f3 h6
8.O-O Bf8e7
9.Be2c4 O-O
10.b3 Nb8c6
11.Bc1b2 b5
12.Bc4d5 Qd8b6
13.Nf3h4 Bc8g4
14.Qd1d2 Ra8c8
15.Kh1 Qb6d4
16.Qd2xd4 exd4
{ resign }
0-1

[Event "Fast Game"]
[Site "www.echecsemail.com"]
[Date "2015.03.21"]
[Round "1"]
[White "Korbacik"]
[Black "Fabos12"]
[WhiteElo "1599"]
[BlackElo "1539"]
[Result "1-0"]
[Round "1"]
1.e4 g6
2.d4 d6
3.Nb1c3 e6
4.f4 Bf8g7
5.Ng1f3 Ng8e7
6.Bf1d3 O-O
7.O-O f5
8.e5 dxe5
9.dxe5 Nb8c6
10.Bc1e3 Nc6b4
11.Nf3e1 Nb4xd3
12.Ne1xd3 Ne7c6
13.Qd1f3 Nc6d4
14.Qf3f2 Nd4c6
15.Ra1d1 h6
16.Rd1d2 Qd8e7
17.Be3c5 Qe7f7
18.Bc5xf8 Bg7xf8
19.Rf1d1 b6
20.Kh1 Bc8b7
21.a3 Ra8d8
22.Nd3e1 Qf7e7
23.Ne1f3 Rd8xd2
24.Qf2xd2 Kh7
25.Qd2d7 Nc6a5
26.Qd7xe7 Bf8xe7
27.Rd1d7 Na5c6
28.Rd7xc7 Bb7a8
29.Nc3b5 h5
30.Nb5xa7 Kh6
31.Na7xc6 Ba8xc6
32.Rc7xe7 Bc6d5
{ time. }
1-0

[Event "Fast Game"]
[Site "www.echecsemail.com"]
[Date "2015.03.21"]
[Round "1"]
[White "Fabos12"]
[Black "F14"]
[WhiteElo "1589"]
[BlackElo "1599"]
[Result "0-1"]
[Round "1"]
1.e4 d6
2.Nb1c3 g6
3.Bf1c4 Bf8g7
4.Ng1f3 Ng8f6
5.Bc4b3 c6
6.d3 O-O
7.O-O Qd8c7
8.Bc1g5 a6
9.Qd1d2 Bc8g4
10.Nf3e1 e5
11.h3 Bg4e6
12.f4 Be6xb3
13.axb3 exf4
14.Rf1xf4 Nf6h5
15.Rf4f1 d5
16.exd5 Nh5g3
17.Rf1f3 Ng3f5
18.g4 Nf5d4
19.Rf3f2 Qc7g3
20.Rf2g2 Qg3xh3
21.Nc3e2 Nd4f3
22.Ne1xf3 Qh3xf3
23.dxc6 Nb8xc6
24.c3 Qf3d5
25.Ra1e1 Rf8e8
26.c4 Qd5c5
27.Kh1 Nc6d8
28.Bg5xd8 Ra8xd8
29.Ne2f4 { time. }
0-1

[Event "Tourn. n8012"]
[Site "www.chess-mail.com"]
[Date "2015.03.22"]
[Round "1"]
[White "Blackpool"]
[Black "Osopanda"]
[WhiteElo "1870"]
[BlackElo "2080"]
[Result "1/2-1/2"]
[Round "1"]
1.c4 Ng8f6
2.Nb1c3 g6
3.d4 Bf8g7
4.e4 d6
5.h3 c6
6.Ng1f3 Qd8c7
7.Bf1e2 e5
8.d5 O-O
9.O-O Nb8d7
10.Ra1b1 cxd5
11.cxd5 Rf8d8
12.Bc1e3 Nd7f8
13.Qd1d2 a6
14.Be3h6 Qc7e7
15.Bh6xg7 Kxg7
16.Rf1c1 h6
17.Qd2e3 Nf8h7
18.Nc3a4 b5
19.Na4b6 Ra8b8
20.Nb6xc8 Rd8xc8
21.Rc1xc8 Rb8xc8
22.Nf3d2 Nh7g5
23.Nd2f3 Ng5xe4
24.Rb1d1 Ne4g5
25.Nf3xg5 hxg5
26.Qe3xg5 Nf6xd5
27.Qg5xe7 Nd5xe7
28.Rd1xd6 Rc8c6
29.Rd6d2 f5
30.g3 Kf6
31.Be2f3 e4
32.Bf3e2 Ke5
33.Kg2 Ne7d5
34.a3 b4
35.Kf1 f4
36.gxf4 Nd5xf4
37.axb4 Nf4xh3
38.Be2g4 Nh3f4
39.Kg1 { draw }
1/2-1/2

[Event "Tourn. n8106"]
[Site "www.chess-mail.com"]
[Date "2015.03.22"]
[Round "1"]
[White "Asoka"]
[Black "Glenno"]
[WhiteElo "2590"]
[BlackElo "2360"]
[Result "1-0"]
[Round "1"]
1.d4 Ng8f6
2.c4 e6
3.Nb1c3 Bf8b4
4.a3 Bb4xc3
5.bxc3 c5
6.e3 Nb8c6
7.Bf1d3 O-O
8.Ng1f3 d6
9.e4 e5
10.d5 Nc6e7
11.Nf3h4 h6
12.O-O g5
13.Nh4f3 Ne7g6
14.Nf3d2 Qd8a5
15.Bc1b2 Ng6f4
16.Bd3c2 Bc8d7
17.a4 Nf6g4
18.Kh1 Rf8e8
19.Nd2b3 Qa5a6
20.g3 Nf4h3
21.Qd1e2 Ng4xf2
22.Rf1xf2 Bd7g4
23.Rf2f3 Qa6xc4
24.Qe2g2 Bg4xf3
25.Qg2xf3 Kh8
26.Nb3d2 Qc4a6
27.Ra1f1 Re8f8
28.Bc2d3 Qa6xa4
29.Qf3f6 Kg8
30.Nd2c4 Nh3f4
31.gxf4 Qa4b5
32.fxg5 { resign }
1-0

[Event "Tourn. n8014"]
[Site "www.chess-mail.com"]
[Date "2015.03.22"]
[Round "1"]
[White "Numanoid"]
[Black "Woodpusher2"]
[WhiteElo "2630"]
[BlackElo "2510"]
[Result "1/2-1/2"]
[Round "1"]
1.e4 e5
2.Ng1f3 Nb8c6
3.d4 exd4
4.Nf3xd4 Ng8f6
5.Nd4xc6 bxc6
6.e5 Qd8e7
7.Qd1e2 Nf6d5
8.c4 Nd5b6
9.Nb1c3 Bc8a6
10.Qe2e4 Qe7e6
11.f4 Bf8b4
12.f5 Qe6e7
13.Bc1d2 Qe7c5
14.O-O-O O-O-O
15.Qe4c2 Kb7
16.f6 gxf6
17.Nc3e4 Bb4xd2
18.Rd1xd2 Qc5e3
19.c5 Ba6xf1
20.Rh1xf1 Nb6d5
21.Ne4xf6 Nd5xf6
22.exf6 Rh8e8
23.Qc2xh7 Re8e5
24.Qh7d3 Qe3xc5
25.Kb1 d5
26.Rd2c2 Qc5b4
{ draw }
1/2-1/2

[Event "Tourn. n8040"]
[Site "www.chess-mail.com"]
[Date "2015.03.22"]
[Round "1"]
[White "Badplayer"]
[Black "Aperturaf"]
[WhiteElo "2250"]
[BlackElo "2250"]
[Result "0-1"]
[Round "1"]
1.e4 e6
2.d4 d5
3.exd5 exd5
4.Ng1f3 Ng8f6
5.Bf1e2 Bf8d6
6.O-O O-O
7.c4 dxc4
8.Be2xc4 Nb8c6
9.Nb1c3 Bc8f5
10.a3 h6
11.h3 a6
12.Bc1e3 Rf8e8
13.Qd1d2 Nf6e4
14.Nc3xe4 Bf5xe4
15.Qd2e2 Qd8f6
16.Nf3h2 Nc6xd4
17.Qe2g4 Nd4c2
18.Ra1c1 Qf6e5
19.f4 Qe5xb2
20.Be3d2 Qb2d4
21.Rf1f2 Qd4xc4
22.f5 Bd6c5
23.Bd2xh6 Bc5xf2
24.Kxf2 Qc4d4
25.Kg3 Nc2e3
26.Bh6xe3 Qd4xe3
27.Nh2f3 Qe3xc1
28.f6 g6
29.Nf3g5 Qc1e1
30.Kh2 Be4xg2
31.Kxg2 Ra8d8
32.Ng5f3 Re8e2

0-1

[Event "Tourn. n8084"]
[Site "www.chess-mail.com"]
[Date "2015.03.22"]
[Round "1"]
[White "Louis"]
[Black "Amaya"]
[WhiteElo "1800"]
[BlackElo "1900"]
[Result "0-1"]
[Round "1"]
1.Ng1f3 Ng8f6
2.g3 g6
3.Bf1g2 Bf8g7
4.O-O O-O
5.d3 d6
6.c4 Nb8d7
7.Nb1c3 e5
8.b3 Ra8b8
9.d4 exd4
10.Nf3xd4 Nd7e5
11.Bc1b2 a6
12.f4 Ne5g4
13.Qd1d3 c5
14.Nd4f3 Rf8e8
15.e4 b6
16.h3 Ng4h6
17.Nf3g5 Nf6h5
18.Ra1b1 Bc8b7
19.Nc3d5 f6
20.g4 fxg5
21.gxh5 Bg7xb2
22.Rb1xb2 Bb7xd5
23.exd5 Nh6f5
24.Bg2e4 Re8xe4
25.Qd3xe4 Kg7
26.Kh2 g4
{ resign }
0-1

[Event "Tourn. n8061"]
[Site "www.chess-mail.com"]
[Date "2015.03.22"]
[Round "1"]
[White "Aperturaf"]
[Black "Obisporey"]
[WhiteElo "2300"]
[BlackElo "2450"]
[Result "1/2-1/2"]
[Round "1"]
1.e4 c5
2.Ng1f3 d6
3.d4 cxd4
4.Qd1xd4 a6
5.c4 Nb8c6
6.Qd4d2 g6
7.h3 Bf8g7
8.Nb1c3 Bc8e6
9.Bf1d3 Ng8f6
10.O-O O-O
11.Qd2e2 Nc6b4
12.Bd3b1 Ra8c8
13.Nc3d5 Nb4xd5
14.exd5 Be6d7
15.Bb1d3 e5
16.dxe6 Bd7xe6
17.Bc1e3 d5
18.Rf1d1 Qd8c7
19.c5 Rf8e8
20.Ra1c1 Nf6e4
21.Qe2c2 Qc7a5
22.a3 Ne4xc5
23.b4 Nc5xd3
24.bxa5 Nd3xc1
25.Qc2d2 Nc1b3
26.Qd2b4 d4
27.Nf3xd4 Rc8d8
28.Kh2 Nb3xd4
29.Be3xd4 Rd8d5
30.Qb4b2 Bg7f8
31.Rd1e1 Re8d8
32.Bd4f6 Rd8d7
33.Bf6c3 Rd5c5
34.Bc3b4 Bf8g7
35.Qb2e2 Rc5c8
36.Re1d1 Bg7e5
37.g3 Rd7xd1
38.Qe2xd1 h5
39.Kg2 Rc8c4
40.Qd1d3 Be5g7
41.f3 Bg7f6
42.g4 hxg4
43.hxg4 Kh7
44.Qd3d6 Rc4c2
45.Kg3 Rc2c4
{ draw }
1/2-1/2

[Event "Tourn. n8064"]
[Site "www.chess-mail.com"]
[Date "2015.03.22"]
[Round "1"]
[White "Roqueur"]
[Black "Pgcbies"]
[WhiteElo "2580"]
[BlackElo "2780"]
[Result "1/2-1/2"]
[Round "1"]
1.e4 e5
2.Ng1f3 Nb8c6
3.Bf1b5 a6
4.Bb5a4 Ng8f6
5.O-O b5
6.Ba4b3 Bf8e7
7.Rf1e1 O-O
8.c3 d5
9.exd5 Nf6xd5
10.Nf3xe5 Nc6xe5
11.Re1xe5 c6
12.d4 Be7d6
13.Re5e1 Qd8h4
14.g3 Qh4h3
15.Bc1e3 Bc8e6
16.Qd1f3 a5
17.Be3d2 a4
18.Bb3c2 Nd5f6
19.Qf3g2 Qh3h5
20.Bc2d1 Qh5f5
21.Bd1f3 Ra8c8
22.Bd2e3 Qf5c2
23.b3 Be6d5
24.bxa4 bxa4
25.Nb1d2 Qc2xc3
26.Nd2e4 Nf6xe4
27.Bf3xe4 Bd5xe4
28.Qg2xe4 Rf8e8
{ draw }
1/2-1/2

[Event "Tourn. n8076"]
[Site "www.chess-mail.com"]
[Date "2015.03.22"]
[Round "1"]
[White "Caspito"]
[Black "Orhany24"]
[WhiteElo "1840"]
[BlackElo "1860"]
[Result "0-1"]
[Round "1"]
1.e4 e5
2.Ng1f3 Nb8c6
3.Bf1c4 Ng8f6
4.d3 d5
5.Bc4b5 Bf8d6
6.Bc1g5 O-O
7.O-O d4
8.c3 Bc8g4
9.Nb1d2 a6
10.Bb5a4 b5
11.Ba4b3 Nc6a5
12.Bb3c2 c5
13.a3 Na5c6
14.c4 Bd6e7
15.b3 h6
16.Bg5h4 Nf6h7
17.Bh4xe7 Qd8xe7
18.Qd1e1 f5
19.Bc2d1 f4
20.Ra1b1 Nh7g5
21.Rb1b2 Ra8e8
22.Bd1e2 Ng5xf3
23.Nd2xf3 g5
24.Kh1 Bg4d7
25.Nf3g1 g4
26.b4 h5
27.Be2d1 Nc6d8
28.Qe1d2 Nd8e6
29.Qd2e1 Kg7
30.Bd1e2 Rf8h8
31.Qe1d1 Qe7h4
32.Rb2a2 g3
33.h3 Ne6g5
34.Ng1f3 Ng5xf3
35.Be2xf3 Bd7xh3
36.fxg3 fxg3
37.gxh3 Qh4xh3
38.Kg1 Re8f8
39.Ra2g2 Rf8f4
40.Qd1e1 h4
41.bxc5 Rh8f8
42.Qe1e2 Qh3e6
43.Rf1f2 Kh8
44.Kf1 gxf2
45.Rg2xf2 Qe6h3
46.Ke1 Rf4xf3
47.Rf2g2 Rf3e3
{ resign }
0-1

[Event "Tourn. n8081"]
[Site "www.chess-mail.com"]
[Date "2015.03.22"]
[Round "1"]
[White "Seger"]
[Black "Emmanuelasi"]
[WhiteElo "2640"]
[BlackElo "2250"]
[Result "1-0"]
[Round "1"]
1.d4 Nb8c6
2.d5 Nc6e5
3.e4 e6
4.dxe6 fxe6
5.Nb1c3 g6
6.f4 Ne5c6
7.Ng1f3 Bf8g7
8.Bf1e2 Ng8h6
9.a3 O-O
10.h4 Qd8e8
11.Qd1d3 d6
12.h5 Nc6e7
13.Nc3b5 Qe8f7
14.Nf3g5 Qf7f6
15.Nb5xc7 Ra8b8
16.g4 Qf6d4
17.Qd3xd4 Bg7xd4
18.hxg6 { resign }
1-0